000 02389nam0a2200385 4500
001 RU\NLR\BIBL_A\011827475
005 20181026142026.0
010 _a978-5-7456-0590-1
_960
021 _aRU
_bКН-П-18-070074
_9КН-П-18-5033
035 _a(NLR Aleph) 011827475
035 _a(RuMoRGB)009722587
090 _a11993357
_c11993357
100 _a20181018d2018 u y0rusy50 ca
101 0 _arus
102 _aRU
105 _aac||c|||011zb
200 1 _aБахтизин Назиф Раянович, организатор сельскохозяйственной науки
_eк 90-летию со дня рождения
_eбиобиблиографический указатель
_fМинистерство сельского хозяйства Российской Федерации, Федеральное государственное бюджетное образовательное учреждение высшего образования "Башкирский государственный аграрный университет", Библиотека
_g[составители: Л.Г. Лезновер, В.Т. Юсупова
_gавтор вступительной статьи: И.И. Габитов]
210 _aУфа
_cБашкирский ГАУ
_d2018
215 _a83, [1] с.
_cцв. ил., портр.
_d21
225 1 _aУченые Башкирского государственного аграрного университета
320 _aБиблиогр.: с. 77-82
320 _aАлф. указ. назв. научн. тр.: с. 56-68
320 _aИмен. указ. соавт.: с. 69-77
600 1 _aБахтизин
_bН.Р.
_gНазиф Раянович
_f1927 - 2007
_jБиобиблиография
_2nlr_sh2
_3RU\NLR\AUTH\6601545325
686 1 _aП1д(2)Бахтизин.я1
702 1 _aБахтизин
_bН. Р.
_f1927-2007
_gНазиф Раянович
_4570
702 1 _aЛезновер
_bЛ. Г.
_4220
712 0 2 _aБашкирский государственный аграрный университет
_cУфа
_bБиблиотека
_3RU\NLR\AUTH\8810240902
_4570
942 _cBOOK
980 _aNBR
980 _aNB